000 00182nam a2200109Ia 4500
100 _a#N/A
942 _cBK
245 _aDigit
260 _b#N/A
546 _aENGLISH
999 _c21324
_d21324